South Eastern Kenya University

Library Online Public Access Catalogue


Medical and psychosocial aspects of chronic illness and disability / (Record no. 14379)

MARC details
000 -LEADER
fixed length control field 00554cam a22001934a 4500
020 ## - ISBN
International Standard Book Number 083421198X
050 00 - LIBRARY OF CONGRESS CALL NUMBER
Classification Number RC 108
Item Number .F35 1999
100 1# - MAIN ENTRY--Author
Personal name Falvo, Donna R.
245 10 - TITLE
Title Medical and psychosocial aspects of chronic illness and disability /
Remainder of title Donna R. Falvo.
250 ## - EDITIONSTATEMENT
Edition statement 2nd ed.
260 ## - PUBLICATION, DISTRIBUTION, ETC.(IMPRINT)
Place of publication, distribution, etc Gaithersburg, Md. :
Name of publisher, distributor, etc Aspen Publishers,
Date of publication, distribution, etc 1999.
300 ## - PHYSICAL DESCRIPTION
Extent xxi, 464 p. :
650 #0 - SUBJECT--TOPIC
General subdivision Rehabilitation.
650 #0 - SUBJECT--TOPIC
General subdivision Social aspects.
650 #0 - SUBJECT--TOPIC
General subdivision Psychological aspects.
650 #2 - SUBJECT--TOPIC
General subdivision psychology.
650 #2 - SUBJECT--TOPIC
General subdivision rehabilitation.
942 ## - ADDED ENTRY ELEMENTS(KOHA)
Source of classification or shelving scheme Library of Congress Classification
Koha item type General circulation
Holdings
Source of classification or shelving scheme Not for loan Location (home branch) Sublocation (holding branch) Shelving location Date accessioned Full call number Barcode Koha item type Public note
Library of Congress Classification   Main Campus Library Main Campus Library   23/05/2016 RC 108 .F35 1999 2016/018579 General circulation em
Kitui, Kenya.
+254736116989
library@seku.ac.ke